Place names that contain "Land" - Statistics

General Stats
  • This quiz has been taken 42 times
  • The average score is 12 of 15
Answer Stats
Clue Answer % Correct
LEGO themed amusement park Legoland
98%
Country whose capital is Reykyavik Iceland
95%
US state on the East Coast Maryland
93%
A country in Asia Thailand
93%
Biggest city in New Zealand Auckland
90%
Amusement park firstly opened on july 17th 1955 in Anaheim, California Disneyland
85%
Danish overseas teritorry Greenland
85%
Archipelago of islands, where the war between the UK and Argentina took place Falkland Islands
83%
Country known as the "Emerald Isle" Ireland
83%
Province in Canada that was previously a british colony New Foundland and Labrador
83%
A state in Australia Queensland
83%
A region in northern Scandinavia Lapland
78%
Western neighbor of Ukraine Poland
78%
Dutch province Zeeland
48%
Biggest island on the Baltic Sea. It belongs to Sweden Gotland
40%
No matching quizzes found
Score Distribution
Percent of People with Each Score
Percentile by Number Answered
Your Score History
You have not taken this quiz